| 000 | 00419nam a2200181Ia 4500 | ||
|---|---|---|---|
| 005 | 20240823044417.0 | ||
| 008 | 240823s9999||||xx |||||||||||||| ||und|| | ||
| 041 | _aENGLISH | ||
| 082 | _A363.73874 P1 | ||
| 100 | _aVasudev G | ||
| 245 | 0 | _aBoomikku Achuruttal | |
| 250 | _a1st | ||
| 260 |
_c2001 _bVivekananda Ke |
||
| 500 | _aTRANSFERED | ||
| 650 |
_aBoomikku Asurutal _bGeneral |
||
| 942 | _cBK | ||
| 999 |
_c212511 _d212511 |
||